|
|
|
|
| LEADER |
00000nam a22000007i 4500 |
| 001 |
IT\ICCU\CFI\0206893 |
| 003 |
ItRI |
| 005 |
20260115232246.0 |
| 008 |
920511s1989 it |||||| ||||| |||||c |
| 040 |
|
|
|b ita
|c importazione bologna sebina
|
| 041 |
|
7 |
|a ita
|2 ISO-639-2
|
| 082 |
|
|
|a 324.245075
|9 PARTITI MODERNI ITALIANI. PARTITO COMUNISTA ITALIANO
|2 12
|
| 100 |
1 |
|
|a Berlinguer, Enrico,
|d (1922-1984)
|0 IT\ICCU\CFIV\004858
|4 aut
|
| 240 |
1 |
0 |
|a Berlinguer: attualità e futuro
|3 IT\ICCU\TSA\1764000
|
| 245 |
1 |
0 |
|a Berlinguer: attualità e futuro :
|b una scelta di scritti, discorsi, interviste di Enrico Berlinguer nel 5. anniversario della scomparsa /
|c [a cura di Antonio Tatò ; introduzione di] Massimo D'Alema].
|
| 246 |
1 |
3 |
|a Attualità e futuro
|9 IT\ICCU\UTO\1270870
|
| 260 |
|
|
|a [Roma] :
|b L'unità,
|c 1989
|
| 300 |
|
|
|a 158 p. ;
|c 19 cm
|
| 500 |
|
|
|a Supplemento a: L'unità, n. 136 (11 giu. 1989)
|
| 500 |
|
|
|a Edizione fuori commercio.
|
| 650 |
|
7 |
|a Partito comunista italiano
|x 1975-1984
|2 scbi
|
| 700 |
1 |
|
|a Tatò, Antonio
|0 IT\ICCU\CFIV\050898
|4 edt
|
| 700 |
1 |
|
|a D'Alema, Massimo
|0 IT\ICCU\CFIV\083826
|
| 830 |
|
0 |
|a Documenti
|0 IT\ICCU\CFI\0048066
|
| 942 |
|
|
|2 ddc
|c BK
|n 0
|
| 952 |
|
|
|0 0
|1 0
|4 0
|6 DOC_324_245000000000000_BER
|7 0
|9 23141
|a BO
|b BO
|d 2026-01-15
|i 6536
|l 0
|o DOC 324.245 BER
|p BO6536
|r 2026-01-15 23:22:46
|w 2026-01-15
|x [Sebina 5] [1 v.]
|y BK
|z 1 v.
|
| 999 |
|
|
|c 19734
|d 19734
|